00745nam a2200193 a 450000100080000000500110000800800410001910000240006024500520008426000280013630000100016449000270017452002480020165000090044970000180045870000200047670000190049670000360051519493092013-03-15 1974 bl uuuu u0uu1 u #d1 aBARRIGA SOLORIO, C. aEl cultivo de la soya en el noroeste de Mexico. a[S.l.]: INIA-SAG c1974 a19 p. a(CIANO. Circular, 72). aPreparación del terreno. Variedades. Epoca de siembra. Metodo de siembra. Densidad de siembra. Inoculacion. Fertilizacion. Riegos. Combate de malezas. Cultivos y deshierbes. Control quimico. Plagas. Enfermedades. Evite perdidas en la cosecha. aSoja1 aPACHECO M. F.1 aMORENO R. H. O.1 aREYES V. T. H.1 aVALENZUELA RODRÍGUEZ, T. A. S.